000
002660000a22000970004500
100
1
_a
Dickson, Beth
245
1
0
_a
The gospel and Scottish fiction
300
_a
Vol. 14, Num. 1 (1996), Páginas 51-64
773
0
_t
Scottish Bulletin of Evangelical Theology
942
_c
ANA
999
_c
55727
_d
55727